Radio regulations ; (Record no. 183039)
[ view plain ]
| 000 -LEADER | |
|---|---|
| fixed length control field | 01100 a2200181 4500 |
| 003 - CONTROL NUMBER IDENTIFIER | |
| control field | Nust |
| 005 - DATE AND TIME OF LATEST TRANSACTION | |
| control field | 20221219120129.0 |
| 040 ## - CATALOGING SOURCE | |
| Transcribing agency | Nust |
| 082 ## - DEWEY DECIMAL CLASSIFICATION NUMBER | |
| Classification number | 621.384,INT |
| 100 ## - MAIN ENTRY--PERSONAL NAME | |
| Personal name | International Telecommunication Union |
| 9 (RLIN) | 105193 |
| 245 ## - TITLE STATEMENT | |
| Title | Radio regulations ; |
| Remainder of title | additional radion regulations additional protocol / |
| 260 ## - PUBLICATION, DISTRIBUTION, ETC. | |
| Place of publication, distribution, etc. | Geneva |
| Name of publisher, distributor, etc. | International Telecommunication Unio |
| Date of publication, distribution, etc. | 1959 |
| 300 ## - PHYSICAL DESCRIPTION | |
| Extent | xv , 641 p |
| Other physical details | illus |
| Dimensions | 24 cm |
| 505 ## - FORMATTED CONTENTS NOTE | |
| Formatted contents note | Terminology (Page-1), Frequencies (Page-21), Notification and Registration of Frequencies. International Frequency Registration Board (Page-110), Measures Against Interference (Page-144), Administrative Provisions for Stations (Page-154), Personal of Mobile Service Stations (Page-176), Working Conditions in the Mobile Services (Page-192), Distress, Alarm, Urgency and Safety (Page-252), Radio telegrams and Radio telephone Cells (Page-268), Miscellaneous Stations and Services (Page-282). |
| 600 ## - SUBJECT ADDED ENTRY--PERSONAL NAME | |
| Personal name | International Telecommunication Union |
| 9 (RLIN) | 105193 |
| 650 ## - SUBJECT ADDED ENTRY--TOPICAL TERM | |
| Topical term or geographic name entry element | Radio regulations ;additional radion regulations additional protocol |
| 9 (RLIN) | 105194 |
| 942 ## - ADDED ENTRY ELEMENTS (KOHA) | |
| Source of classification or shelving scheme | |
| Koha item type | Book |
| Withdrawn status | Lost status | Source of classification or shelving scheme | Damaged status | Not for loan | Permanent Location | Current Location | Shelving location | Date acquired | Full call number | Barcode | Date last seen | Price effective from | Koha item type | Public note |
|---|---|---|---|---|---|---|---|---|---|---|---|---|---|---|
| Military College of Signals (MCS) | Military College of Signals (MCS) | General Stacks | 12/12/2016 | 621.384,INT | MCS1902 | 12/08/2016 | 12/12/2016 | Book | Almirah No.38, Shelf No.2 |
